00537nam a22001697a 450000500170000001000150001702000260003203500140005803700090007208200160008110000160009724500780011325000060019126000650019727000850026230000200034720260114123929.0 aENG-147466 a9789371367110c559.00 aEN-130998 bDBAD a005.756521 aSenthil, V. aData Analysis and Visualization for Business and Environment/cV. Senthil a1 aUttar PradeshbPearson india education service PVT LTDc2026 bUttar Pradesha1st Floor Berger Tower Plot No. C-001A/2 Sector 16B Noidae201301 avpp.;c23cm(pb)